Möglichkeiten und Wege zur Gestaltung von Informationssystemenen als Voraussetzung für die Qualifizierung der Leitungstätigkeit Wissenschaftliche Konferenz junger Nachwuchswissenschaftler

Gespeichert in:
Bibliographische Detailangaben
Format: Buch
Sprache:Deutsch
Veröffentlicht: Berlin Hochschule für Ökonomie "Bruno Leuschner" 1983
Schriftenreihe:Sektion Leitung, Informationsverarbeitung und Statistik FDJ - Gruppe...
Tags: Tag hinzufügen
Keine Tags, Fügen Sie das erste Tag hinzu!

MARC

LEADER 00000nam a2200000 4500
001 c115627
005 20041019155202.0
041 0 |a ger 
044 |a DE 
245 1 0 |a Möglichkeiten und Wege zur Gestaltung von Informationssystemenen als Voraussetzung für die Qualifizierung der Leitungstätigkeit  |b Wissenschaftliche Konferenz junger Nachwuchswissenschaftler 
264 1 |a Berlin  |b Hochschule für Ökonomie "Bruno Leuschner"  |c 1983 
300 |a 186 s. 
490 1 |a Sektion Leitung, Informationsverarbeitung und Statistik FDJ - Gruppe... 
830 0 |a Sektion Leitung, Informationsverarbeitung und Statistik FDJ - Gruppe...